000 00286nam a2200121Ia 4500
008 241028s9999 xx 000 0 und d
041 _aeng
082 _a658.4092 GUN
100 _aGuntha
245 _aDigital First
260 _bWiley India
_aNew Delhi
_c2022
300 _a284;. P. 22 cm
999 _c43019
_d43019